[Event "SV Wattenscheid 3 - SV Eichlinghofen 1"]
[Site "Verbandsklasse - Gruppe 3 202"]
[Date "2022.05.01"]
[Round "8.7"]
[White "Dekhtyaryuk, Dimitri"]
[Black "Kraus, Tanja"]
[Result "1/2-1/2"]
[WhiteElo "1813"]
[BlackElo "1640"]
[PlyCount "60"]
[EventDate "2022.??.??"]
[WhiteTeam "SV Eichlinghofen 1"]
[BlackTeam "SV Wattenscheid 3"]

1. d4 c5 2. e3 d5 3. Nf3 Nc6 4. b3 Bg4 5. Bb2 e6 6. Be2 Nf6 7. Nbd2 Bd6 8. O-O
O-O 9. Ne5 Bf5 10. f4 Ne4 11. Ndf3 f6 12. Nxc6 bxc6 13. Nh4 Qb6 14. Nxf5 exf5
15. c4 Rad8 16. Qc2 Kh8 17. Rad1 Rfe8 18. Bf3 Re7 19. Ba3 Qa5 20. Bc1 Qb6 21.
Rfe1 Qa5 22. cxd5 cxd5 23. Bxe4 Rxe4 24. Bd2 Qb6 25. dxc5 Bxc5 26. Qd3 Rxf4 27.
b4 Be7 28. Kh1 Re4 29. a3 Qe6 30. Bc3 Rh4 1/2-1/2

[Event "SV Wattenscheid 3 - SV Eichlinghofen 1"]
[Site "Verbandsklasse - Gruppe 3 202"]
[Date "2022.05.01"]
[Round "8.8"]
[White "Koch, Guido"]
[Black "Grewe, Markus"]
[Result "1/2-1/2"]
[WhiteElo "1616"]
[BlackElo "1804"]
[PlyCount "42"]
[EventDate "2022.??.??"]
[WhiteTeam "SV Wattenscheid 3"]
[BlackTeam "SV Eichlinghofen 1"]

1. d4 d5 2. e3 c5 3. c3 Nc6 4. f4 Nf6 5. Bd3 c4 6. Bc2 Bg4 7. Nf3 e6 8. O-O Ne4
9. Qe1 f5 10. Nbd2 Bd6 11. h3 Bh5 12. Ne5 Nxe5 13. fxe5 Be7 14. Ba4+ Kf7 15.
Nxe4 dxe4 16. g4 Bg6 17. b3 h5 18. Qg3 hxg4 19. hxg4 Kg8 20. bxc4 b5 21. Bxb5
Rh4 1/2-1/2

[Event "SK Werne 1 - Hervest-Dorstener SK 1"]
[Site "Verbandsklasse - Gruppe 3 202"]
[Date "2022.05.01"]
[Round "8.1"]
[White "Nowok, Frank"]
[Black "Schlierkamp, Ferdinand"]
[Result "1/2-1/2"]
[WhiteElo "1895"]
[BlackElo "2003"]
[PlyCount "30"]
[EventDate "2022.??.??"]
[WhiteTeam "Hervest-Dorstener SK 1"]
[BlackTeam "SK Werne 1"]

1. c4 e5 2. g3 Nf6 3. Bg2 d5 4. cxd5 Nxd5 5. Nc3 Nb6 6. d3 Be7 7. Nf3 Nc6 8.
O-O Be6 9. Be3 O-O 10. Ne4 Nd5 11. Bd2 f6 12. a3 a5 13. Qa4 Qd7 14. Rfe1 Rfd8
15. Rac1 Nd4 1/2-1/2

[Event "SK Werne 1 - Hervest-Dorstener SK 1"]
[Site "Verbandsklasse - Gruppe 3 202"]
[Date "2022.05.01"]
[Round "8.2"]
[White "Schnelting, Michael"]
[Black "Hermanowski, Mark"]
[Result "1-0"]
[WhiteElo "1920"]
[BlackElo "1878"]
[PlyCount "81"]
[EventDate "2022.??.??"]
[WhiteTeam "SK Werne 1"]
[BlackTeam "Hervest-Dorstener SK 1"]

1. Nf3 e6 2. c4 b6 3. g3 Bb7 4. Bg2 Nc6 5. O-O h5 6. h4 Nh6 7. d4 Ng4 8. Nc3
Be7 9. e4 d6 10. d5 Nce5 11. dxe6 fxe6 12. Ng5 Qd7 13. f3 Nh6 14. b3 Nef7 15.
Bh3 Nxg5 16. hxg5 Nf7 17. Nd5 Nxg5 18. Bxg5 Bxg5 19. Bxe6 Qd8 20. Qd3 Rh6 21.
Bf5 c6 22. Ne3 Bxe3+ 23. Qxe3 Qe7 24. Kg2 Kd8 25. Rad1 Bc8 26. Bxc8 Kxc8 27. b4
Kc7 28. b5 c5 29. Rd5 h4 30. g4 h3+ 31. Kh2 a6 32. bxa6 Rxa6 33. Rf2 Ra4 34. e5
dxe5 35. Rxe5 Qd6 36. Rd2 Qc6 37. Re7+ Kc8 38. Qe5 Rf6 39. Re8+ Kb7 40. Qb8+
Ka6 41. Qa8+ 1-0

[Event "SK Werne 1 - Hervest-Dorstener SK 1"]
[Site "Verbandsklasse - Gruppe 3 202"]
[Date "2022.05.01"]
[Round "8.3"]
[White "Vengels, Joachim"]
[Black "Meya, Carsten"]
[Result "1-0"]
[WhiteElo "1962"]
[BlackElo "1831"]
[PlyCount "131"]
[EventDate "2022.??.??"]
[WhiteTeam "Hervest-Dorstener SK 1"]
[BlackTeam "SK Werne 1"]

1. c4 b6 2. Nc3 Bb7 3. Nf3 Nf6 4. g3 Bxf3 5. exf3 c5 6. f4 Nc6 7. Bg2 g6 8. O-O
Bg7 9. b3 O-O 10. Bb2 Rc8 11. d3 e6 12. h3 d5 13. a3 d4 14. Ne4 Nxe4 15. Bxe4
Qd7 16. Kh2 Qd6 17. Bc1 Ne7 18. Bd2 f5 19. Bg2 Rfe8 20. b4 e5 21. fxe5 Bxe5 22.
f4 Bf6 23. b5 Kg7 24. a4 h6 25. a5 Rc7 26. Re1 Qd8 27. Qe2 Rc8 28. axb6 axb6
29. Qe6 Ng8 30. Ra7+ Re7 31. Rxe7+ Nxe7 32. Ra1 Rb8 33. Ra7 Qf8 34. g4 fxg4 35.
hxg4 Kh8 36. g5 hxg5 37. fxg5 Nc8 38. Rf7 Qd6+ 39. Qxd6 Nxd6 40. Rxf6 Nf7 41.
Rxg6 Re8 42. Bf4 Ne5 43. Bxe5+ Rxe5 44. Rxb6 Rxg5 45. Rc6 Kg7 46. b6 Rh5+ 47.
Kg3 Rh8 48. b7 Rb8 49. Rxc5 Kf6 50. Rc8 Rxb7 51. Bxb7 Ke5 52. Rc5+ Kd6 53. Rd5+
Kc7 54. Ba6 Kb6 55. Bc8 Kc7 56. Bf5 Kc6 57. Kf4 Kc7 58. Ke4 Kc6 59. Kxd4 Kb6
60. Rc5 Kb7 61. Kd5 Kb6 62. Kd6 Kb7 63. Rb5+ Ka7 64. Kc7 Ka6 65. d4 Ka7 66.
Ra5# 1-0

[Event "SK Werne 1 - Hervest-Dorstener SK 1"]
[Site "Verbandsklasse - Gruppe 3 202"]
[Date "2022.05.01"]
[Round "8.4"]
[White "GÃ¤ÃŸner, Marcus"]
[Black "Hater, Norbert"]
[Result "1/2-1/2"]
[WhiteElo "1821"]
[BlackElo "1858"]
[PlyCount "38"]
[EventDate "2022.??.??"]
[WhiteTeam "SK Werne 1"]
[BlackTeam "Hervest-Dorstener SK 1"]

1. b3 Nf6 2. Bb2 e6 3. e3 Be7 4. f4 d5 5. Nf3 c5 6. Bb5+ Bd7 7. Bxd7+ Nbxd7 8.
O-O O-O 9. d3 Rc8 10. Nbd2 b5 11. c4 bxc4 12. dxc4 Nb6 13. Qe2 Qc7 14. Rac1
Rfd8 15. Rfd1 Nfd7 16. Ne5 Bf6 17. Ndf3 dxc4 18. Nxc4 Bxb2 19. Nxb2 Nf6 1/2-1/2

[Event "SK Werne 1 - Hervest-Dorstener SK 1"]
[Site "Verbandsklasse - Gruppe 3 202"]
[Date "2022.05.01"]
[Round "8.6"]
[White "Scharfenkamp, Bernd"]
[Black "Nashir, Ramin"]
[Result "0-1"]
[WhiteElo "1618"]
[BlackElo "1555"]
[PlyCount "66"]
[EventDate "2022.??.??"]
[WhiteTeam "SK Werne 1"]
[BlackTeam "Hervest-Dorstener SK 1"]

1. e4 e6 2. d4 d5 3. Nd2 Nf6 4. e5 Nfd7 5. Bd3 c5 6. c3 Nc6 7. Ne2 Be7 8. O-O
O-O 9. Nf3 f6 10. exf6 Nxf6 11. Re1 Bd6 12. Bf4 cxd4 13. Nfxd4 e5 14. Nxc6 bxc6
15. Bg3 e4 16. Bc2 Ng4 17. Rf1 Bxg3 18. Nxg3 Qh4 19. h3 Nxf2 20. Rxf2 Qxg3 21.
Rxf8+ Kxf8 22. Qh5 Qg6 23. Qxg6 hxg6 24. Kf2 Ke7 25. Ke3 Bd7 26. Rf1 Rf8 27.
Rxf8 Kxf8 28. c4 Ke7 29. h4 Kd6 30. b4 Ke5 31. g3 d4+ 32. Kd2 d3 33. Bb3 Kd4
0-1

[Event "SK Werne 1 - Hervest-Dorstener SK 1"]
[Site "Verbandsklasse - Gruppe 3 202"]
[Date "2022.05.01"]
[Round "8.7"]
[White "Schmidt, Christian"]
[Black "HÃ¶selbarth, Thomas"]
[Result "1-0"]
[WhiteElo "1636"]
[BlackElo "1571"]
[PlyCount "89"]
[EventDate "2022.??.??"]
[WhiteTeam "Hervest-Dorstener SK 1"]
[BlackTeam "SK Werne 1"]

1. Nf3 Nf6 2. c4 e6 3. b3 d5 4. e3 c5 5. Bb2 Nc6 6. d4 cxd4 7. exd4 g6 8. g3
Bg7 9. Bg2 O-O 10. O-O Rb8 11. Qe2 b6 12. Rd1 Bb7 13. Nc3 Re8 14. Rac1 Qe7 15.
Ne5 Nxe5 16. dxe5 Nd7 17. Nb5 Rf8 18. cxd5 exd5 19. Rc7 Rfc8 20. Rdc1 Rxc7 21.
Rxc7 a6 22. Nd6 Ba8 23. f4 b5 24. Qd2 Qe6 25. b4 Bf8 26. Qd4 Nb6 27. Nxf7 Nc4
28. Ng5 Qb6 29. Qxb6 Nxb6 30. Bc3 Rc8 31. Rxc8 Nxc8 32. Kf2 Nb6 33. g4 Be7 34.
Ne6 Kf7 35. Nc7 Bb7 36. f5 gxf5 37. gxf5 Bd8 38. Ne6 Ke7 39. Nc5 Bc8 40. f6+
Kf7 41. Kg3 Bc7 42. Kf4 h6 43. Bf3 Bb8 44. Bh5+ Kf8 45. Bg4 1-0

[Event "SK Werne 1 - Hervest-Dorstener SK 1"]
[Site "Verbandsklasse - Gruppe 3 202"]
[Date "2022.05.01"]
[Round "8.8"]
[White "Nadrowski, Joseph"]
[Black "Heiming, Thomas"]
[Result "0-1"]
[WhiteElo "1533"]
[BlackElo "1819"]
[PlyCount "94"]
[EventDate "2022.??.??"]
[WhiteTeam "SK Werne 1"]
[BlackTeam "Hervest-Dorstener SK 1"]

1. Nc3 d5 2. e4 d4 3. Nce2 e5 4. a3 Nf6 5. Ng3 Bd6 6. h3 O-O 7. Bc4 c5 8. d3 h6
9. Nf3 Be6 10. Bxe6 fxe6 11. Bd2 Nbd7 12. O-O Rf7 13. c3 Qb6 14. Rb1 Rd8 15. c4
Nf8 16. b4 Ng6 17. Qc1 Qc7 18. bxc5 Bxc5 19. Bb4 Nf4 20. Qd2 Nd7 21. Rb2 Nxh3+
22. gxh3 Rxf3 23. Kh2 Bxb4 24. axb4 Kh7 25. Rg1 Rdf8 26. Rg2 a5 27. bxa5 Nc5
28. a6 bxa6 29. Ra2 Nxd3 30. Nh1 Nc5 31. Qe2 R8f7 32. Rg3 Rxg3 33. Nxg3 Rf4 34.
f3 Qd6 35. Nh5 Rf7 36. Rd2 Qb6 37. Rb2 Qa5 38. Qg2 Qc3 39. Rf2 Nd3 40. Rc2 Ne1
41. Rxc3 Nxg2 42. Ra3 Ne3 43. Rxa6 Rd7 44. Ra1 d3 45. c5 d2 46. c6 Rc7 47. Ng3
Rxc6 0-1

[Event "Bochumer SV 3 - SV Recklinghausen-Süd 1"]
[Site "Verbandsklasse - Gruppe 3 202"]
[Date "2022.05.01"]
[Round "8.1"]
[White "Callenberg, Ralf"]
[Black "Birkemeyer, Jan"]
[Result "1-0"]
[WhiteElo "2033"]
[BlackElo "1703"]
[PlyCount "56"]
[EventDate "2022.??.??"]
[WhiteTeam "SV Recklinghausen-Süd 1"]
[BlackTeam "Bochumer SV 3"]

1. c4 e6 2. g3 d5 3. Bg2 Nf6 4. Nf3 dxc4 5. Na3 Bxa3 6. bxa3 b5 7. a4 a6 8. Ne5
Ra7 9. Ba3 Bb7 10. Bxb7 Rxb7 11. axb5 Qd5 12. Nf3 axb5 13. O-O c5 14. Rb1 Nbd7
15. d4 c3 16. dxc5 Qxa2 17. c6 Qxa3 18. cxb7 O-O 19. Rxb5 Nd5 20. Nd4 Qa6 21.
e4 N5f6 22. Qb1 Rb8 23. Rc1 e5 24. Ne2 Nxe4 25. Nxc3 Nd2 26. Qd3 Nb3 27. Qxd7
Nxc1 28. Rxe5 Ne2+ 1-0

[Event "Bochumer SV 3 - SV Recklinghausen-Süd 1"]
[Site "Verbandsklasse - Gruppe 3 202"]
[Date "2022.05.01"]
[Round "8.2"]
[White "Abdullayev, Elchin"]
[Black "Mecklenburg, Roland"]
[Result "0-1"]
[WhiteElo "1873"]
[BlackElo "1976"]
[PlyCount "82"]
[EventDate "2022.??.??"]
[WhiteTeam "Bochumer SV 3"]
[BlackTeam "SV Recklinghausen-Süd 1"]

1. d4 g6 2. e4 Bg7 3. c4 e6 4. Nc3 Ne7 5. f4 O-O 6. Nf3 d6 7. Bd3 f5 8. e5 dxe5
9. dxe5 Nec6 10. Be3 Qe7 11. a3 a6 12. Qe2 b6 13. b4 Bb7 14. O-O Nd7 15. Na4
Nd8 16. Rac1 c5 17. Rb1 Rc8 18. Nd2 g5 19. bxc5 gxf4 20. Bxf4 bxc5 21. Nf3 Bxf3
22. Rxf3 Nf7 23. Rg3 Kh8 24. Re3 Rb8 25. Re1 Qh4 26. Rf1 Rg8 27. Bxf5 exf5 28.
Rh3 Qe7 29. e6 Bd4+ 30. Kh1 Nf6 31. Bxb8 Rxb8 32. Re1 Ng5 33. Rd3 Nge4 34. Rf1
Qxe6 35. Nc3 Bxc3 36. Qe3 Bd4 37. Qf4 Rb2 38. Rdf3 Nd2 39. Qh6 Nxf3 40. gxf3
Qg8 41. Qh3 Nh5 0-1

[Event "Bochumer SV 3 - SV Recklinghausen-Süd 1"]
[Site "Verbandsklasse - Gruppe 3 202"]
[Date "2022.05.01"]
[Round "8.3"]
[White "Parado, Dominador"]
[Black "Fraenkel, Karlheinz"]
[Result "1-0"]
[WhiteElo "1902"]
[BlackElo "1831"]
[PlyCount "67"]
[EventDate "2022.??.??"]
[WhiteTeam "SV Recklinghausen-Süd 1"]
[BlackTeam "Bochumer SV 3"]

1. d4 d5 2. c4 e6 3. Nc3 Nf6 4. cxd5 exd5 5. Bg5 Be7 6. Qc2 O-O 7. e3 h6 8. Bh4
Nbd7 9. Bd3 c5 10. Nge2 a6 11. a4 b6 12. f3 Bb7 13. Bf2 Rc8 14. h4 cxd4 15.
exd4 Bd6 16. g4 Ne8 17. g5 h5 18. f4 Qc7 19. Be3 Nc5 20. dxc5 bxc5 21. Bd2 d4
22. Bh7+ Kh8 23. Ne4 g6 24. O-O Kxh7 25. N2g3 Qd7 26. f5 Kg7 27. Rae1 Bxg3 28.
Nxg3 Qd5 29. Bf4 Nd6 30. Re5 Qc6 31. fxg6 fxg6 32. Re6 Rf5 33. Rxd6 d3 34. Qc3+
1-0

[Event "Bochumer SV 3 - SV Recklinghausen-Süd 1"]
[Site "Verbandsklasse - Gruppe 3 202"]
[Date "2022.05.01"]
[Round "8.4"]
[White "Candogan, Yavus"]
[Black "Horfker, Mathias"]
[Result "1-0"]
[WhiteElo "1752"]
[BlackElo "2073"]
[PlyCount "87"]
[EventDate "2022.??.??"]
[WhiteTeam "Bochumer SV 3"]
[BlackTeam "SV Recklinghausen-Süd 1"]

1. d4 Nf6 2. c4 e6 3. Nf3 d5 4. Nc3 c6 5. Bg5 Nbd7 6. e3 Qa5 7. Bxf6 Nxf6 8.
Nd2 dxc4 9. Bxc4 Be7 10. O-O O-O 11. Rc1 b5 12. Bb3 Bb7 13. Nce4 Rad8 14. Nxf6+
Bxf6 15. Ne4 Be7 16. Qh5 Rd7 17. g4 Qd8 18. f4 Rxd4 19. Bc2 g6 20. Qh6 f5 21.
gxf5 exf5 22. Bb3+ Kh8 23. Rf3 fxe4 24. Rh3 Rf7 25. Bxf7 Rd1+ 26. Rxd1 Qxd1+
27. Kf2 Qd2+ 28. Kf1 Qc1+ 29. Kg2 Qxb2+ 30. Kg3 Qg7 31. Qxg6 Qxg6+ 32. Bxg6 Kg7
33. Bxe4 h6 34. Kf3 Bf8 35. Rg3+ Kf7 36. Rg2 Ke7 37. f5 a5 38. Rg8 a4 39. Rg6
Kd7 40. Rg8 Ke7 41. Kg4 b4 42. Bc2 a3 43. f6+ Ke8 44. Bg6+ 1-0

[Event "Bochumer SV 3 - SV Recklinghausen-Süd 1"]
[Site "Verbandsklasse - Gruppe 3 202"]
[Date "2022.05.01"]
[Round "8.5"]
[White "Stahlhofen, Thomas"]
[Black "Hartenberg, Yannick"]
[Result "0-1"]
[WhiteElo "1802"]
[BlackElo "1671"]
[PlyCount "76"]
[EventDate "2022.??.??"]
[WhiteTeam "SV Recklinghausen-Süd 1"]
[BlackTeam "Bochumer SV 3"]

1. e4 e5 2. Nf3 Nc6 3. Bb5 a6 4. Ba4 d6 5. O-O Bg4 6. h3 Bh5 7. c3 Nf6 8. d4 b5
9. Bc2 Bxf3 10. gxf3 Nh5 11. d5 Nb8 12. f4 Nxf4 13. Bxf4 exf4 14. Qg4 g5 15.
Nd2 Nd7 16. e5 Nxe5 17. Rfe1 Be7 18. Qh5 h6 19. Bf5 Kf8 20. Re2 Bf6 21. Rae1
Bg7 22. Nb3 Qf6 23. Nd4 Rb8 24. Bc2 Kg8 25. Nc6 Rb6 26. Bb3 Nxc6 27. dxc6 Bf8
28. Re6 Qf5 29. Rg6+ Bg7 30. Re7 d5 31. Bc2 fxg6 32. Qe2 Qf6 33. Bb3 Kh7 34.
Bxd5 f3 35. Qe3 Rc8 36. Re6 Qf4 37. Qd3 Qf5 38. Qe3 Qxd5 0-1

[Event "Bochumer SV 3 - SV Recklinghausen-Süd 1"]
[Site "Verbandsklasse - Gruppe 3 202"]
[Date "2022.05.01"]
[Round "8.6"]
[White "Czarnetzki, Iori"]
[Black "Nguyen, Heinrich"]
[Result "1-0"]
[WhiteElo "1662"]
[BlackElo "1181"]
[PlyCount "99"]
[EventDate "2022.??.??"]
[WhiteTeam "Bochumer SV 3"]
[BlackTeam "SV Recklinghausen-Süd 1"]

1. d4 d5 2. c4 e6 3. Nc3 Nf6 4. Bg5 Be7 5. Nf3 c6 6. e3 Nbd7 7. Rc1 O-O 8. Bd3
dxc4 9. Bxc4 b5 10. Bd3 a6 11. O-O Bb7 12. Bxf6 Bxf6 13. Ne4 Qe7 14. Nc5 Nxc5
15. Rxc5 Rad8 16. Be4 Qxc5 17. dxc5 Rxd1 18. Rxd1 Rd8 19. Rxd8+ Bxd8 20. Ne5
Be7 21. b4 a5 22. Bxc6 Ba6 23. a3 axb4 24. axb4 Bf6 25. Nd3 Kf8 26. Kf1 g5 27.
Ke2 Bg7 28. Kd2 Ke7 29. Ne1 e5 30. Nc2 f5 31. Na3 Ke6 32. f3 h5 33. e4 g4 34.
Bxb5 Bb7 35. Bc4+ Kf6 36. Bd5 Bxd5 37. exd5 e4 38. Nc4 Ke7 39. fxe4 fxe4 40.
Ke3 Bc3 41. b5 Bb4 42. c6 h4 43. h3 gxh3 44. gxh3 Kd8 45. d6 Kc8 46. Kxe4 Kd8
47. b6 Kc8 48. Ke5 Kd8 49. b7 Ke8 50. b8=Q+ 1-0

[Event "Bochumer SV 3 - SV Recklinghausen-Süd 1"]
[Site "Verbandsklasse - Gruppe 3 202"]
[Date "2022.05.01"]
[Round "8.7"]
[White "Komossa, Julian"]
[Black "Fresen, Hans-Juergen"]
[Result "0-1"]
[WhiteElo "1414"]
[BlackElo "1847"]
[PlyCount "92"]
[EventDate "2022.??.??"]
[WhiteTeam "SV Recklinghausen-Süd 1"]
[BlackTeam "Bochumer SV 3"]

1. e4 e5 2. Nf3 Nc6 3. d4 exd4 4. Nxd4 Bc5 5. Be3 Qf6 6. c3 a6 7. Be2 Nge7 8.
O-O Bb6 9. Nxc6 Qxc6 10. Bxb6 Qxb6 11. Qc2 O-O 12. Nd2 d6 13. Nc4 Qc5 14. Ne3
f5 15. exf5 Nxf5 16. Nxf5 Bxf5 17. Bd3 Bxd3 18. Qxd3 Rae8 19. Rad1 Re5 20. Rd2
Rfe8 21. h3 Qc6 22. f4 Re3 23. Qd5+ Qxd5 24. Rxd5 Re2 25. Rf2 R8e4 26. g3 R4e3
27. Kg2 Kf7 28. Rd2 Re1 29. Rf3 R3e2+ 30. Rxe2 Rxe2+ 31. Rf2 Re1 32. Rf1 Rxf1
33. Kxf1 Ke6 34. Ke2 Kd5 35. Ke3 c5 36. g4 b5 37. h4 a5 38. g5 g6 39. h5 gxh5
40. Kf3 Ke6 41. Kg3 Kf5 42. a4 bxa4 43. c4 h6 44. gxh6 Kg6 45. h7 Kxh7 46. f5
Kg7 0-1

[Event "Bochumer SV 3 - SV Recklinghausen-Süd 1"]
[Site "Verbandsklasse - Gruppe 3 202"]
[Date "2022.05.01"]
[Round "8.8"]
[White "Gehrke, Wolfgang"]
[Black "Rausch, Peter"]
[Result "1-0"]
[WhiteElo "1677"]
[BlackElo "1302"]
[PlyCount "32"]
[EventDate "2022.??.??"]
[WhiteTeam "Bochumer SV 3"]
[BlackTeam "SV Recklinghausen-Süd 1"]

1. e4 e5 2. Nf3 Nc6 3. Bc4 Nf6 4. d4 exd4 5. e5 Qe7 6. O-O Nxe5 7. Nxe5 d5 8.
Bb5+ Bd7 9. Nxd7 Nxd7 10. Re1 Qxe1+ 11. Qxe1+ Kd8 12. Bxd7 Kxd7 13. Bf4 Re8 14.
Qd2 c5 15. Na3 Bd6 16. Bxd6 Kxd6 1-0

[Event "SV Waltrop 1 - SC Gerthe - Werne 1"]
[Site "Verbandsliga - Gruppe 1 2021/"]
[Date "2022.05.22"]
[Round "9.1"]
[White "Quast, Marcel"]
[Black "Eckert, Marius"]
[Result "1/2-1/2"]
[WhiteElo "2253"]
[BlackElo "2161"]
[PlyCount "75"]
[EventDate "2022.??.??"]
[WhiteTeam "SC Gerthe - Werne 1"]
[BlackTeam "SV Waltrop 1"]

1. e4 e5 2. Nf3 Nc6 3. Bc4 Nf6 4. d3 Be7 5. O-O O-O 6. c3 d6 7. Nbd2 Na5 8. Re1
Nxc4 9. Nxc4 Be6 10. Ne3 a5 11. Qc2 a4 12. d4 exd4 13. Nxd4 Ng4 14. Nxg4 Bxg4
15. Be3 Re8 16. f3 Bd7 17. Rad1 Bf6 18. Ne2 Be6 19. c4 b5 20. b3 axb3 21. axb3
bxc4 22. bxc4 Ra3 23. Bd4 Bxd4+ 24. Nxd4 Qg5 25. e5 Rea8 26. Nxe6 fxe6 27. Qd2
Qg6 28. Qd4 Ra2 29. Rd2 Qg5 30. Rde2 dxe5 31. Qxe5 Qxe5 32. Rxe5 Rc2 33. Rxe6
Raa2 34. Re8+ Kf7 35. R8e7+ Kf8 36. Re8+ Kf7 37. R8e7+ Kf8 38. Re8+ 1/2-1/2

[Event "SV Waltrop 1 - SC Gerthe - Werne 1"]
[Site "Verbandsliga - Gruppe 1 2021/"]
[Date "2022.05.22"]
[Round "9.2"]
[White "Gasper, Joern"]
[Black "Brueggestraß, Volker"]
[Result "0-1"]
[WhiteElo "2084"]
[BlackElo "2006"]
[PlyCount "88"]
[EventDate "2022.??.??"]
[WhiteTeam "SV Waltrop 1"]
[BlackTeam "SC Gerthe - Werne 1"]

1. e4 e5 2. Nf3 Nf6 3. Nxe5 d6 4. Nf3 Nxe4 5. Nc3 Nxc3 6. dxc3 Be7 7. Be3 Nc6
8. Qd2 Be6 9. O-O-O Qd7 10. Kb1 Bf6 11. Bg5 Bxg5 12. Nxg5 O-O 13. Nxe6 fxe6 14.
f4 Kh8 15. Bb5 a6 16. Bxc6 Qxc6 17. Rhe1 Rae8 18. a3 Rf5 19. g4 Rd5 20. Qf2 Kg8
21. h4 e5 22. Rxd5 Qxd5 23. f5 e4 24. f6 gxf6 25. Qxf6 Qe6 26. Qd4 c5 27. Qe3
Qe7 28. g5 d5 29. h5 b6 30. g6 Rf8 31. gxh7+ Kxh7 32. Rg1 Rf3 33. Qd2 Qf7 34.
Rg6 e3 35. Qd3 Rf1+ 36. Ka2 d4+ 37. b3 Qf5 38. Qxf5 Rxf5 39. cxd4 cxd4 40. Re6
Rxh5 41. b4 Rh6 42. Re7+ Kg6 43. Kb2 Kf5 44. c3 Re6 0-1

[Event "SV Waltrop 1 - SC Gerthe - Werne 1"]
[Site "Verbandsliga - Gruppe 1 2021/"]
[Date "2022.05.22"]
[Round "9.3"]
[White "Gottmann, Bernd"]
[Black "Atali, Dogukan"]
[Result "1/2-1/2"]
[WhiteElo "1965"]
[BlackElo "1950"]
[PlyCount "51"]
[EventDate "2022.??.??"]
[WhiteTeam "SC Gerthe - Werne 1"]
[BlackTeam "SV Waltrop 1"]

1. d4 Nf6 2. c4 g6 3. Nc3 Bg7 4. g3 O-O 5. Bg2 d6 6. Nf3 c5 7. d5 e6 8. O-O
exd5 9. Nxd5 Be6 10. Nxf6+ Bxf6 11. Qc2 Nc6 12. Bf4 Qe7 13. a3 d5 14. cxd5 Bxd5
15. Be3 Rfe8 16. Rac1 Bxf3 17. Bxf3 Bd4 18. Bxd4 Nxd4 19. Qxc5 Nxe2+ 20. Bxe2
Qxc5 21. Rxc5 Rxe2 22. Rc7 Rxb2 23. Rd1 Rb3 24. Rdd7 Rf8 25. Rxb7 Rxa3 26. Rxa7
1/2-1/2

[Event "SV Waltrop 1 - SC Gerthe - Werne 1"]
[Site "Verbandsliga - Gruppe 1 2021/"]
[Date "2022.05.22"]
[Round "9.5"]
[White "Loeffelbein, Klaus"]
[Black "Sehrbrock, Christoph"]
[Result "1/2-1/2"]
[WhiteElo "1796"]
[BlackElo "1832"]
[PlyCount "65"]
[EventDate "2022.??.??"]
[WhiteTeam "SC Gerthe - Werne 1"]
[BlackTeam "SV Waltrop 1"]

1. d4 d5 2. c4 c6 3. Nf3 Nf6 4. cxd5 cxd5 5. Nc3 Nc6 6. Bf4 e6 7. e3 Nh5 8. Bg3
Nxg3 9. hxg3 Bd7 10. Rc1 Rc8 11. Bd3 g6 12. e4 dxe4 13. Nxe4 Bb4+ 14. Kf1 Be7
15. Qd2 Nb4 16. Rxc8 Qxc8 17. Bb1 Qc4+ 18. Kg1 Nxa2 19. Kh2 Nb4 20. Rc1 Qd5 21.
Rc5 Qb3 22. Rc7 Nc6 23. Bc2 Qb6 24. Rxd7 Kxd7 25. d5 exd5 26. Qxd5+ Kc8 27.
Qxf7 Qxb2 28. Ba4 b5 29. Bb3 Rf8 30. Qe6+ Kc7 31. Bd5 Rf6 32. Nxf6 Qxf6 33. Qe3
1/2-1/2

[Event "SV Waltrop 1 - SC Gerthe - Werne 1"]
[Site "Verbandsliga - Gruppe 1 2021/"]
[Date "2022.05.22"]
[Round "9.6"]
[White "Dunsche, Daniel"]
[Black "Boost, Juergen"]
[Result "1-0"]
[WhiteElo "1877"]
[BlackElo "1807"]
[PlyCount "123"]
[EventDate "2022.??.??"]
[WhiteTeam "SV Waltrop 1"]
[BlackTeam "SC Gerthe - Werne 1"]

1. e4 e5 2. Nf3 Nc6 3. Nc3 Nf6 4. d4 exd4 5. Nxd4 Bb4 6. Nxc6 bxc6 7. Bd3 d5 8.
exd5 cxd5 9. O-O O-O 10. h3 c6 11. Qf3 Re8 12. Bg5 h6 13. Bxf6 Qxf6 14. Qxf6
gxf6 15. Ne2 Bd7 16. Ng3 Bf8 17. Nh5 Bg7 18. f4 f5 19. Nxg7 Kxg7 20. Rae1 Kf6
21. Kf2 a5 22. Rxe8 Rxe8 23. Re1 Rb8 24. b3 Be6 25. Re3 a4 26. Ke1 axb3 27.
cxb3 Rb4 28. g3 c5 29. Kd2 d4 30. Re1 c4 31. Bxc4 Bxc4 32. bxc4 Rxc4 33. Kd3
Rc3+ 34. Kxd4 Rxg3 35. Ra1 Rf3 36. a4 Rxf4+ 37. Kc5 Rf2 38. a5 Rc2+ 39. Kb6
Rb2+ 40. Kc7 Rc2+ 41. Kb8 Rb2+ 42. Kc7 Rc2+ 43. Kd6 Rd2+ 44. Kc5 Rc2+ 45. Kd4
Rd2+ 46. Ke3 Rd8 47. a6 Kg5 48. a7 f4+ 49. Kf3 Ra8 50. Ra3 f6 51. Kg2 Kf5 52.
Ra5+ Ke4 53. Kf2 f5 54. Ra4+ Kd5 55. Kf3 Kc6 56. Kxf4 Kb7 57. h4 h5 58. Kxf5
Rf8+ 59. Kg5 Ka8 60. Kxh5 Rh8+ 61. Kg4 Rg8+ 62. Kh3 1-0

[Event "SV Waltrop 1 - SC Gerthe - Werne 1"]
[Site "Verbandsliga - Gruppe 1 2021/"]
[Date "2022.05.22"]
[Round "9.7"]
[White "Meise, Ulrich"]
[Black "Neumann, Robert"]
[Result "0-1"]
[WhiteElo "1763"]
[BlackElo "1822"]
[PlyCount "82"]
[EventDate "2022.??.??"]
[WhiteTeam "SC Gerthe - Werne 1"]
[BlackTeam "SV Waltrop 1"]

1. e4 e5 2. Nf3 Nc6 3. Bc4 Nf6 4. O-O Be7 5. d3 d6 6. h3 Na5 7. Bb3 Nxb3 8.
axb3 O-O 9. Be3 a6 10. Nc3 c5 11. Nd5 Nxd5 12. exd5 f5 13. c4 f4 14. Bd2 Bf5
15. Bc3 Qe8 16. Qe2 Qg6 17. Ne1 Bxh3 18. f3 Bh4 19. b4 cxb4 20. Bxb4 Bf5 21.
Rf2 Bg3 22. Qc2 Bxf2+ 23. Kxf2 Rfc8 24. Ke2 b5 25. b3 bxc4 26. bxc4 Rcb8 27.
Qc3 Rb6 28. Ba5 Rb7 29. c5 dxc5 30. Qxc5 Rb2+ 31. Bd2 Qb6 32. Qxb6 Rxb6 33. Bc3
Rb5 34. Bxe5 g5 35. Ra2 Rxd5 36. d4 a5 37. Nd3 Re8 38. Ra3 Bxd3+ 39. Rxd3
Rexe5+ 40. dxe5 Rxd3 41. Kxd3 Kf7 0-1

[Event "SV Erkenschwick 2 - SC Buer-Hassel 1"]
[Site "Verbandsliga - Gruppe 1 2021/"]
[Date "2022.05.22"]
[Round "9.2"]
[White "Henn, Marcus"]
[Black "Wolff, Christoph"]
[Result "1/2-1/2"]
[WhiteElo "1999"]
[BlackElo "1978"]
[PlyCount "40"]
[EventDate "2022.??.??"]
[WhiteTeam "SV Erkenschwick 2"]
[BlackTeam "SC Buer-Hassel 1"]

1. d4 Nf6 2. c4 g6 3. Nf3 Bg7 4. g3 O-O 5. Bg2 c6 6. O-O d5 7. Qb3 dxc4 8. Qxc4
Be6 9. Qc2 Bf5 10. Qb3 Qb6 11. Qa3 Qa6 12. Qxa6 Nxa6 13. Nc3 Nb4 14. Bf4 Nfd5
15. Nxd5 Nxd5 16. Rac1 Be4 17. Rfd1 Rad8 18. Ne5 Nxf4 19. gxf4 Bd5 20. b3 f6
1/2-1/2

[Event "SV Erkenschwick 2 - SC Buer-Hassel 1"]
[Site "Verbandsliga - Gruppe 1 2021/"]
[Date "2022.05.22"]
[Round "9.3"]
[White "Winzbeck, Frank"]
[Black "Trzaska, Peter"]
[Result "1/2-1/2"]
[WhiteElo "1870"]
[BlackElo "2038"]
[PlyCount "28"]
[EventDate "2022.??.??"]
[WhiteTeam "SC Buer-Hassel 1"]
[BlackTeam "SV Erkenschwick 2"]

1. d4 d5 2. c4 dxc4 3. Nc3 e5 4. d5 c6 5. e4 Nf6 6. Bxc4 b5 7. Bb3 b4 8. Nce2
Nxe4 9. Nf3 Nc5 10. Nxe5 Nxb3 11. Qxb3 Qxd5 12. Qxd5 cxd5 13. Bf4 Be7 14. O-O
O-O 1/2-1/2

[Event "SV Erkenschwick 2 - SC Buer-Hassel 1"]
[Site "Verbandsliga - Gruppe 1 2021/"]
[Date "2022.05.22"]
[Round "9.4"]
[White "Jungbluth, Rolf"]
[Black "Gritzan, Ulrich"]
[Result "0-1"]
[WhiteElo "1977"]
[BlackElo "1851"]
[Annotator "daniel"]
[PlyCount "90"]
[EventDate "2022.??.??"]
[WhiteTeam "SV Erkenschwick 2"]
[BlackTeam "SC Buer-Hassel 1"]

1. c4 Nf6 2. Nc3 c5 3. e4 Nc6 4. Nge2 g6 5. d4 cxd4 6. Nxd4 Bg7 7. Be3 d6 8.
Be2 O-O 9. O-O Bd7 10. Rc1 Rc8 11. Qd2 Re8 12. b3 Qa5 13. Rfd1 Ng4 14. Bxg4
Bxg4 15. f3 Bd7 $11 16. Nce2 Qxd2 17. Rxd2 a6 18. Rcd1 Ne5 19. h3 Bc6 20. Ng3
Nd7 21. Nh1 Nf8 22. Nf2 Bd7 23. Ne2 Ne6 24. g4 Bf6 25. Kg2 h5 26. f4 Kh7 27.
Kf3 Rg8 28. gxh5 gxh5 29. Rd5 Ng7 30. Bd4 Bxd4 31. R5xd4 Bc6 32. R4d2 Nf5 33.
Nd4 Rg3+ 34. Ke2 Re3+ 35. Kf1 Ng3+ 36. Kg1 Rg8 37. Kh2 Nxe4 38. Nxe4 Bxe4 39.
Rg1 Rxg1 40. Kxg1 Rxh3 41. Rh2 Rxh2 42. Kxh2 e5 43. Ne2 Bd3 44. Nc1 e4 45. Kg3
Kg6 0-1